[Event "CSR-ch"]
[Site "Rimavska Sobota"]
[Date "1974.??.??"]
[Round "6"]
[White "Prandstetter, Eduard"]
[Black "Lanc, Alois"]
[Result "1/2-1/2"]
[WhiteElo "2355"]
[BlackElo "2200"]

1.e4 c5 2.Nf3 Nc6 3.d4 cxd4 4.Nxd4 Nf6 5.Nc3 d6 6.Bg5 e6 7.Qd2 h6 8.Bxf6 gxf6
9.O-O-O a6 10.f4 Bd7 11.Be2 h5 12.Kb1 Qb6 13.Rhf1 O-O-O 14.Nxc6 Bxc6 15.Qd4 Qxd4
16.Rxd4 Be7 17.Bf3 Rdg8 18.Rd2 Kb8 19.Nd1 h4 20.Ne3 Rh7 21.a3 Rhg7 22.f5 Rg5
23.h3 Rg3 24.Re1 R3g7 25.Bg4 e5 26.Bf3 Rc8 27.c4 Rgg8 28.b3 Rc7 29.Kb2 Rgc8
30.Ng4 b6 31.Bd1 Bb7 32.Bc2 Ka7 33.Bd3 Rg8 34.Re3 Rg7 35.g3 Rc8 36.gxh4 Rh8
37.Rg2 Rxh4 38.Rf3 Rg5 39.Kc2 Rhh5 40.Kd2 Rxf5 41.Rxf5 Rxf5 42.exf5 Bxg2
43.h4 Bf8 44.Ke3 d5 45.cxd5 Bc5+ 46.Kd2 Bf3 47.Nxf6 Be7 48.Ke3 Bxf6 49.Kxf3 Bxh4
50.d6 Kb7 51.Be4+ Kc8 52.Bc6 a5 53.Kg4 Bf6 54.Kf3 Bg5 55.Ke4 f6 56.Kd5 Kd8  1/2-1/2

[Event "Sombor"]
[Site "Sombor"]
[Date "1974.??.??"]
[Round "9"]
[White "Mednis, Edmar John"]
[Black "Gulko, Boris F"]
[Result "0-1"]
[WhiteElo "2455"]
[BlackElo "2435"]

1.e4 c5 2.Nf3 Nc6 3.d4 cxd4 4.Nxd4 Nf6 5.Nc3 d6 6.Bg5 Qb6 7.Nb3 e6 8.Bd3 a6
9.O-O Be7 10.Kh1 Qc7 11.f4 h6 12.Bh4 Bd7 13.Bg3 O-O 14.Qe2 Nb4 15.e5 Ne8
16.Be4 f5 17.exf6 Bxf6 18.Rf3 Rd8 19.Rd1 Qc8 20.Re3 d5 21.Bg6 Nd6 22.f5 Nxf5
23.Bxf5 exf5 24.Bd6 f4 25.Bxf8 Rxf8 26.Rf3 Bg4 27.Qd2 Bxf3 28.gxf3 Qh3 29.Qf2 Re8
30.a3 Bxc3 31.axb4 Bxb4 32.c3 Bf8 33.Rd3 Re3 34.Rxe3 fxe3 35.Qe2 Bd6 36.Nd4 Bc5
37.Nc2 a5 38.Ne1 a4 39.Qd3 Kh8 40.Qb5 Qh4  0-1

[Event "URS Cup"]
[Site "Tbilisi"]
[Date "1974.??.??"]
[Round "?"]
[White "Bronstein, David I"]
[Black "Vaisman, Alexander N"]
[Result "1-0"]
[WhiteElo "2595"]
[BlackElo "2200"]

1.e4 c5 2.Nf3 Nc6 3.d4 cxd4 4.Nxd4 Nf6 5.Nc3 d6 6.Bg5 e6 7.Qd2 Be7 8.O-O-O O-O
9.f4 d5 10.e5 Nd7 11.h4 Nb6 12.Nf3 Bd7 13.Bd3 f6 14.exf6 Bxf6 15.Rde1 Rc8
16.Bxf6 Qxf6 17.g3 Nb4 18.Kb1 Nxd3 19.cxd3 Qg6 20.Rhg1 Nc4 21.Qe2 Na3+ 22.Ka1 Qf6
23.Rc1 Nb5 24.Nxb5 Bxb5 25.Qe3 b6 26.Nd4 Bd7 27.Kb1 h6 28.Rce1 Rce8 29.Rg2 Rc8
30.h5 Rce8 31.Rge2 Bc8 32.a3 Bd7 33.Ka2 Bc8 34.Qg1 Ba6 35.Qe3 Qf7 36.Qf3 Bc8
37.Re5 Bd7 38.Qe3 Rd8 39.Nf3 Bc8 40.Qd4 Qe7 41.Nh4 Qc5 42.Qxc5 bxc5 43.Ng6 Rf7
44.f5 Rxf5 45.Ne7+ Kh7 46.Nxf5 exf5 47.Rc1 Ba6 48.Rxc5 Bxd3 49.Kb3 d4 50.Red5 Rb8+
51.Ka2 Rf8 52.Rxd4 Be2 53.Rc7 Bxh5 54.Rdd7 Rg8 55.Rxa7 Bf3 56.b4 h5 57.b5 f4
58.gxf4 h4 59.f5 Kh6 60.Ra6+ Kg5 61.Rg6+ Kxf5 62.Rgxg7 Rb8 63.Rdf7+ Ke4 64.Rh7 Ke3
65.Re7+ Kd4 66.Rxh4+ Kc5 67.a4 Bd5+ 68.Ka3 Rg8 69.Re3 Rg2 70.Rc3+ Kb6 71.Rh6+ Ka7  1-0

[Event "Trencianske Teplice"]
[Site "Trencianske Teplice"]
[Date "1974.??.??"]
[Round "3"]
[White "Franzen, Josef"]
[Black "Banas, Jan"]
[Result "1/2-1/2"]
[WhiteElo "2315"]
[BlackElo "2325"]

1.e4 c5 2.Nf3 Nc6 3.d4 cxd4 4.Nxd4 Nf6 5.Nc3 d6 6.Bg5 Qb6 7.Nb3 e6 8.Qd2 Bd7
9.Be2 Be7 10.h4 a6 11.O-O-O Qc7 12.Rh3 b5 13.Bxf6 gxf6 14.Rg3 Ne5 15.f4 Nc4
16.Bxc4 Qxc4 17.Qe3 Rc8 18.Rd2 b4 19.Rd4 Qf1+ 20.Rd1 Qc4  1/2-1/2

[Event "Vejle op"]
[Site "Vejle"]
[Date "1974.??.??"]
[Round "9"]
[White "Moller, Lars"]
[Black "Norby, Peter H"]
[Result "1-0"]
[WhiteElo "2315"]
[BlackElo "2310"]

1.e4 c5 2.Nf3 Nc6 3.d4 cxd4 4.Nxd4 Nf6 5.Nc3 d6 6.Bg5 Qb6 7.Nb3 Bd7 8.Be2 e6
9.O-O a6 10.a4 Na5 11.Be3 Qc7 12.f4 Rc8 13.Nxa5 Qxa5 14.Bd3 Bc6 15.Qf3 Be7
16.Qg3 h5 17.f5 e5 18.Bc4 Kf8 19.Rad1 Qb4 20.Bd5 Bxd5 21.Nxd5 Nxd5 22.exd5 Qxa4
23.b3 Qe4 24.c4 h4 25.Qh3 f6 26.Rde1 Qc2 27.Bc1 Bd8 28.Kh1 Bb6 29.Qf3 Bd4
30.Ba3 Rd8 31.Bb4 h3 32.Re2 hxg2+ 33.Rxg2 e4 34.Qg3 Qd3 35.Qxg7+ Ke8 36.Qxh8+ Kd7
37.Qh7+ Kc8 38.Rc1 Qxb3 39.Ba5  1-0

[Event "Vejle op"]
[Site "Vejle"]
[Date "1974.??.??"]
[Round "9"]
[White "Nielsen, Hartvig"]
[Black "Hjort, H."]
[Result "0-1"]
[WhiteElo "2200"]
[BlackElo "2200"]

1.e4 c5 2.Nf3 d6 3.d4 cxd4 4.Nxd4 Nf6 5.Nc3 Nc6 6.Bg5 e6 7.Bb5 Bd7 8.O-O h6
9.Be3 Be7 10.f4 Qc7 11.f5 Ne5 12.fxe6 Bc6 13.Nd5 Nxd5 14.exd5 Bxb5 15.Nxb5 Qc4
16.exf7+ Nxf7 17.a4 O-O 18.b3 Qe4 19.Qd2 Bf6 20.Rae1 a6 21.Bf4 Qg6 22.Nxd6 Ng5
23.Qd3 Qxd3 24.cxd3 Rfd8 25.h4 Nh7 26.g3 g5 27.hxg5 hxg5 28.Nxb7 Rxd5 29.Bd6 Ra7
30.Re8+ Kg7 31.Rb8 Bd4+ 32.Kg2 Nf6 33.Re1 Kg6 34.Bf8 Nd7 35.Re6+ Kh5 36.Rh6+ Kg4
37.Re8 Be5 38.Nd6 Nxf8 39.Ne4 Rf7 40.Nf2+ Rxf2+ 41.Kxf2 Bxg3+ 42.Ke3 Nd7
43.d4 a5 44.Ke4 Rf5 45.Ree6 Rf3 46.Ra6 Be1 47.Rh1 Nf6+ 48.Rxf6 Rxf6 49.Rg1+ Bg3
50.d5 Rb6 51.Rb1 Rb4+ 52.Kd3  0-1

[Event "ARG-ch"]
[Site "Buenos Aires"]
[Date "1975.??.??"]
[Round "2"]
[White "Barea, Luis"]
[Black "De la Vega, Hector"]
[Result "1/2-1/2"]
[WhiteElo "2200"]
[BlackElo "2360"]

1.e4 c5 2.Nf3 Nc6 3.d4 cxd4 4.Nxd4 Nf6 5.Nc3 d6 6.Bg5 e6 7.Qd2 a6 8.O-O-O Bd7
9.f3 Be7 10.h4 b5 11.g4 b4 12.Nce2 Qa5 13.Kb1 Ne5 14.Ng3 Qc5 15.Be3 Nc4 16.Bxc4 Qxc4
17.g5 Ng8 18.e5 d5 19.f4 g6 20.Rc1 h5 21.c3 bxc3 22.Qxc3 Qxc3 23.Rxc3 Bd8
24.Nb3 Ne7 25.Bc5 Nc6 26.Ne2 Be7 27.Ned4 Bxc5 28.Rxc5 Nxd4 29.Nxd4 Ke7 30.Rc7 Rhc8
31.Rhc1 Kd8 32.Rxc8+ Bxc8 33.b4 Bd7 34.Rc5 Rb8 35.a3 Bb5 36.Kb2 Kd7 37.Kb3 Rb7
38.a4 Bc4+ 39.Kc3 Rb6 40.Ra5 Rb7 41.b5 axb5 42.axb5 Bf1 43.Kb3 Bd3 44.Kc3  1/2-1/2

[Event "ARG-ch"]
[Site "Buenos Aires"]
[Date "1975.??.??"]
[Round "4"]
[White "Barea, Luis"]
[Black "Rubinetti, Jorge A"]
[Result "1/2-1/2"]
[WhiteElo "2200"]
[BlackElo "2440"]

1.e4 c5 2.Nf3 Nc6 3.d4 cxd4 4.Nxd4 Nf6 5.Nc3 d6 6.Bg5 e6 7.Qd2 a6 8.O-O-O Bd7
9.f4 Be7 10.Nf3 b5 11.Bxf6 gxf6 12.f5 b4 13.fxe6 fxe6 14.Ne2 Qa5 15.Kb1 Qc5
16.Nf4 a5 17.Nd3 Qb6 18.Nf4 Qc5 19.Nd3 Qb6  1/2-1/2

[Event "URS-ch otbor"]
[Site "Cheliabinsk"]
[Date "1975.??.??"]
[Round "?"]
[White "Ivanov, Alexander"]
[Black "Lukin, Andrei M"]
[Result "1/2-1/2"]
[WhiteElo "2200"]
[BlackElo "2450"]

1.e4 c5 2.Nf3 d6 3.d4 cxd4 4.Nxd4 Nf6 5.Nc3 Nc6 6.Bg5 e6 7.Qd2 a6 8.O-O-O Bd7
9.f4 Be7 10.Nf3 b5 11.Bxf6 gxf6 12.Re1 Qa5 13.Kb1 b4 14.Nd1 Qc5 15.g3 a5
16.Bh3 a4 17.Rhf1 O-O 18.f5 b3 19.cxb3 axb3 20.a3 Na5 21.Ne3 Nc4 22.Nxc4 Qxc4
23.Re3 e5 24.Rc1 Qa4 25.Qd5 Rfb8 26.Rc4 Qa7 27.Rec3 Rb5 28.Qd1 d5 29.Rc7 Qa4
30.Bf1 Rba5 31.Qxb3 Qxe4+ 32.Bd3 Qxf3 33.Rxd7 Bxa3 34.bxa3 Rxa3 35.Qxa3 Rxa3
36.Rxa3 e4 37.Rxd5 Qd1+  1/2-1/2

[Event "URS-ch otbor"]
[Site "Cheliabinsk"]
[Date "1975.??.??"]
[Round "?"]
[White "Grokhotov, Vladimir T"]
[Black "Korsunsky, Rostislav R"]
[Result "1-0"]
[WhiteElo "2380"]
[BlackElo "2200"]

1.e4 c5 2.Nf3 Nc6 3.d4 cxd4 4.Nxd4 Nf6 5.Nc3 d6 6.Bg5 e6 7.Qd2 a6 8.O-O-O Bd7
9.f3 Qc7 10.Kb1 Be7 11.h4 b5 12.h5 Nxd4 13.Qxd4 h6 14.Bh4 O-O 15.g4 Rfc8
16.Qd2 b4 17.Ne2 d5 18.e5 b3 19.axb3 Bb4 20.c3 a5 21.exf6 a4 22.Bg3 Qa7 23.Bf2 Qxf2
24.Nd4 Qxd2 25.Rxd2 a3 26.Bb5 axb2 27.cxb4 Bxb5 28.Kxb2 Bd7 29.fxg7 Kxg7
30.f4 Rab8 31.Ra1 Rc7 32.Nc2 Kf6 33.Ra5 Rcb7 34.Kc3 Bb5 35.Ne3 Rc8+ 36.Kb2 Rg8
37.Kc3 Ke7 38.Ra1 Kd6 39.Rad1 Bd7 40.Rd4 Ke7 41.Re1 Kf6 42.Kb2 Rgb8 43.g5+ Kg7
44.Ng4 hxg5 45.fxg5 Bb5 46.Ne5 Ra8 47.h6+ Kg8 48.Ra1 Rc8 49.Rh1 Kh7 50.Rf4 Be8
51.Rhf1 Kg8 52.Rc1 Ra8 53.Rc5 Rba7 54.Kc3 Ra1 55.b5 Rd8 56.b6 Rb8 57.Kb2 Rg1
58.g6 fxg6 59.Rc7 Rh1 60.Rg7+  1-0

[Event "URS-ch otbor"]
[Site "Cheliabinsk"]
[Date "1975.??.??"]
[Round "?"]
[White "Lukin, Andrei M"]
[Black "Anikaev, Yuri N"]
[Result "1-0"]
[WhiteElo "2450"]
[BlackElo "2465"]

1.e4 c5 2.Nf3 d6 3.d4 cxd4 4.Nxd4 Nf6 5.Nc3 Nc6 6.Bg5 Qb6 7.Nb3 e6 8.Bd3 Be7
9.O-O a6 10.a4 Qc7 11.a5 O-O 12.Qe2 Bd7 13.f4 Ne8 14.Bxe7 Nxe7 15.e5 f5 16.exd6 Nxd6
17.Kh1 Ng6 18.Rad1 Rad8 19.Qe3 Bc8 20.Qc5 Qe7 21.Be2 e5 22.fxe5 Nxe5 23.Rfe1 Nef7
24.Bxa6 Qh4 25.Be2 Ng5 26.Nd2 f4 27.Nf3 Nxf3 28.Bxf3 Nf5 29.Nd5 Rde8 30.Qb4 Bd7
31.Rxe8 Rxe8 32.Nxf4 Bc6 33.Nd3 Qh6 34.Qf4 Bxf3 35.Qxh6 gxh6 36.gxf3 Re2
37.Rg1+ Kf7 38.Rg2 Re3 39.Rf2 Nd4  1-0

[Event "URS-ch otbor"]
[Site "Cheliabinsk"]
[Date "1975.??.??"]
[Round "?"]
[White "Murrey, Jacob"]
[Black "Machulsky, Anatoly D"]
[Result "1/2-1/2"]
[WhiteElo "2445"]
[BlackElo "2390"]

1.e4 c5 2.Nf3 d6 3.d4 cxd4 4.Nxd4 Nf6 5.Nc3 Nc6 6.Bg5 e6 7.Qd2 Be7 8.O-O-O O-O
9.f4 h6 10.Bh4 d5 11.e5 Nd7 12.Bxe7 Qxe7 13.Bb5 Nb6 14.Rhe1 Bd7 15.Nb3 Rac8
16.Bf1 Nb4 17.a3 Na6 18.Re3 Nc5 19.Nd4 a6 20.Kb1 f6 21.exf6 Qxf6 22.g3 Rce8
23.Rde1 Re7 24.Re5 Rfe8 25.Qe3 Nba4 26.Bg2 Nxc3+ 27.Qxc3 b6 28.Qe3 Kf8 29.g4 Qf7
30.g5 h5 31.g6 Qxg6 32.Bxd5 Qf6 33.Bc6 g6 34.Bxd7 Nxd7 35.Nxe6+ Kg8 36.Nc7 Nxe5
37.Nxe8 Rxe8 38.fxe5 Qe6 39.Qg5 Qf5 40.Qxf5 gxf5 41.e6 Kg7 42.c4 Kf6 43.e7 Rxe7
44.Rxe7 Kxe7 45.Kc2 h4 46.Kd3 Ke6 47.Kd4 Kd6 48.h3 Ke6 49.b4 Kd6 50.c5+ bxc5+
51.bxc5+ Kc6 52.Ke5 Kxc5 53.Kxf5 Kb5 54.Kg5 Ka4 55.Kxh4 Kxa3 56.Kg3 a5 57.h4 a4
58.h5 Kb2  1/2-1/2

[Event "URS-ch otbor"]
[Site "Cheliabinsk"]
[Date "1975.??.??"]
[Round "?"]
[White "Vitolinsh, Alvis"]
[Black "Grokhotov, Vladimir T"]
[Result "1-0"]
[WhiteElo "2430"]
[BlackElo "2380"]

1.e4 c5 2.Nf3 Nc6 3.d4 cxd4 4.Nxd4 Nf6 5.Nc3 d6 6.Bg5 Bd7 7.Be2 a6 8.Bxf6 gxf6
9.Nf5 Qa5 10.O-O Bxf5 11.exf5 Qxf5 12.Nd5 Rb8 13.Bg4 Qg6 14.Bh5 Qg7 15.Re1 Rg8
16.g3 f5 17.c3 Kd7 18.b4 e6 19.Nf4 Be7 20.a4 Bf6 21.b5 axb5 22.axb5 Nd8 23.Nd5 Be5
24.Nb6+ Ke7 25.Nc4 Rc8 26.Qd3 Qf6 27.Nxe5 dxe5 28.Red1 Qh4 29.Qd7+ Kf6 30.Qxc8 f4
31.Rxd8 fxg3 32.hxg3 Rxg3+ 33.fxg3 Qxg3+ 34.Kf1 Qh3+ 35.Kf2  1-0

[Event "HUN-ch"]
[Site "?"]
[Date "1975.??.??"]
[Round "?"]
[White "Lengyel, Bela"]
[Black "Csom, Istvan"]
[Result "0-1"]
[WhiteElo "2200"]
[BlackElo "2530"]

1.e4 c5 2.Nf3 Nc6 3.d4 cxd4 4.Nxd4 Nf6 5.Nc3 d6 6.Bg5 e6 7.Bb5 Bd7 8.O-O Be7
9.Qd2 h6 10.Bh4 Qb6 11.Nb3 a6 12.Be2 Ne5 13.Rad1 g5 14.Bg3 Bc6 15.Qd4 Qxd4
16.Rxd4 Rc8 17.a4 Nfd7 18.Rfd1 h5 19.h3 Nf8 20.Na5 Nfg6 21.Rb4 Rc7 22.Rb3 Nf4
23.Bf1 h4 24.Bh2 Kd7 25.Kh1 Bf6 26.Rb6 Ke7 27.f3 Ra8 28.Ne2 Nd7 29.Rb4 Be5
30.Nxf4 Bxf4 31.Bxf4 gxf4 32.Rbd4 Ne5 33.c3 Rd8 34.Kg1 b6 35.Nb3 a5 36.Nc1 Ng6
37.Nd3 e5 38.Rc4 Rdc8 39.Kf2 Nf8 40.b3 Ne6 41.Ra1 Nc5 42.b4 Nd7 43.Nb2 f5
44.Re1 fxe4 45.fxe4 Nf6 46.Bd3 Be8 47.b5 Bg6 48.Rxc7+ Rxc7 49.c4 Nd7 50.Nd1 Nc5
51.Bc2 Bf7 52.Nb2 Rc8 53.Bd1 Bg6 54.Bg4 Rc7 55.Kf3 Nb3 56.Rd1 Rc5 57.Rd3 Nd4+
58.Rxd4 exd4 59.Kxf4 Kf6 60.Be2 Bh7 61.Bd3 Bg8 62.g4 hxg3 63.Kxg3 Ke5 64.h4 Rc7
65.h5 Rg7+ 66.Kh4 Rg2 67.c5 dxc5 68.Nc4+ Bxc4 69.Bxc4 Kf4 70.Kh3 Rg5 71.Be2 d3
72.Bd1 c4 73.e5 Rxe5  0-1

[Event "HUN-ch"]
[Site "?"]
[Date "1975.??.??"]
[Round "?"]
[White "Barczay, Laszlo"]
[Black "Csom, Istvan"]
[Result "1-0"]
[WhiteElo "2445"]
[BlackElo "2530"]

1.e4 c5 2.Nf3 d6 3.d4 cxd4 4.Nxd4 Nf6 5.Nc3 Nc6 6.Bg5 e6 7.Qd2 a6 8.O-O-O h6
9.Bf4 Bd7 10.Nxc6 Bxc6 11.f3 Qb6 12.Bc4 O-O-O 13.Bb3 Nd7 14.Bxd6 Nc5 15.e5 Bxd6
16.exd6 Rd7 17.Qd4 Nxb3+ 18.axb3 Qxd4 19.Rxd4 Rhd8 20.Rhd1 b6 21.Ne2 e5 22.R4d2 f6
23.c4 a5 24.Kc2 Rb7 25.Kc3 Kd7 26.b4 Ke6 27.b5 Be8 28.b4 Rc8 29.Rd5 Ra8 30.bxa5 Rxa5
31.Kb4 Ra2 32.R5d2 Ra8 33.Nc3 Kd7 34.Na4 Kd8 35.d7 Rxa4+ 36.Kxa4 Bxd7 37.Kb4 Ke7
38.Ra2 Be6  1-0

[Event "DSV-Turnier"]
[Site "Leipzig"]
[Date "1975.??.??"]
[Round "5"]
[White "Vogt, Lothar"]
[Black "Tukmakov, Vladimir B"]
[Result "0-1"]
[WhiteElo "2450"]
[BlackElo "2570"]

1.e4 c5 2.Nf3 Nc6 3.d4 cxd4 4.Nxd4 Nf6 5.Nc3 d6 6.Bg5 e6 7.Qd2 a6 8.O-O-O h6
9.Bf4 Bd7 10.Nxc6 Bxc6 11.f3 Qb6 12.Bc4 O-O-O 13.Bb3 Be7 14.Rhe1 Rhe8 15.Kb1 Qc7
16.g4 Nd7 17.Bxd6 Bxd6 18.Qxd6 Qxd6 19.Rxd6 Ne5 20.Rxd8+ Rxd8 21.f4 Nf3 22.Re2 Bxe4
23.Rxe4 Nd2+ 24.Kc1 Nxe4 25.Nxe4 Rd4 26.Nd2 Rxf4 27.h3 h5 28.gxh5 Rh4 29.Bc4 Rxh3
30.Be2 f5 31.Nc4 b5 32.Nd6+ Kd7 33.Nf7 Ke7 34.Ng5 Rg3 35.Nf3 Kf6 36.Nd4 e5
37.Nb3 e4 38.Nc5 Ke5 39.Nxa6 f4 40.Bxb5 e3 41.c3 f3 42.Nb4 Rg1+ 43.Kc2 e2
44.a4 Kd6 45.Nd3  0-1

[Event "Lone Pine"]
[Site "Lone Pine"]
[Date "1975.??.??"]
[Round "1"]
[White "Yanofsky, Daniel Abraham"]
[Black "Csom, Istvan"]
[Result "1-0"]
[WhiteElo "2415"]
[BlackElo "2530"]

1.e4 c5 2.Nf3 d6 3.d4 Nf6 4.Nc3 cxd4 5.Nxd4 Nc6 6.Bg5 e6 7.Qd2 a6 8.O-O-O h6
9.Bf4 Bd7 10.Bg3 Be7 11.f3 Ne5 12.Kb1 b5 13.Qe1 g5 14.h4 Rg8 15.hxg5 hxg5
16.Nce2 Qb6 17.Bf2 Qb7 18.Nc1 Rc8 19.Nd3 Nc4 20.e5 dxe5 21.Nxe5 Nxe5 22.Qxe5 Qc7
23.Qe1 Nd5 24.Bd3 Nf4 25.Bh7 Rf8 26.g3 Nd5 27.Be4 Nf6 28.Bd3 Bc6 29.Nxc6 Qxc6
30.f4 Rg8 31.f5 Rd8 32.Qe2 Rd5 33.Rhe1 e5 34.c4 bxc4 35.Bxc4 Rxd1+ 36.Rxd1 Qe4+
37.Qxe4 Nxe4 38.Be1 Nd6 39.Bd3 e4 40.Bc2 Nxf5 41.Bxe4 Nd6 42.Bd3 f5 43.Bxa6 Rh8
44.Bc3 Rh6 45.a4 Re6 46.a5 Bf6 47.Bb4 Be5 48.Re1 Kd7 49.Re3 f4 50.gxf4 gxf4
51.Re1 Bd4 52.Rxe6 Kxe6 53.Be2 Be3 54.Kc2 Kd7 55.Bf3 Nb5 56.Kd3 Kc7 57.Bd5 Bc1
58.b3 Be3 59.Bf8 Bf2 60.Bg7 Kd6 61.Bf3 Be1 62.Bf8+ Kc7 63.Kc4 Nd6+ 64.Kd5 Nb5
65.b4 Bd2 66.Kc5 Na7 67.Bd6+ Kd7 68.Bg4+ Kd8 69.a6 Be3+ 70.Kc4 Nc8 71.Bb8 Na7
72.b5  1-0

[Event "Lone Pine"]
[Site "Lone Pine"]
[Date "1975.??.??"]
[Round "3"]
[White "Tarjan, James Edward"]
[Black "Robatsch, Karl"]
[Result "1/2-1/2"]
[WhiteElo "2480"]
[BlackElo "2455"]

1.e4 c5 2.Nf3 Nc6 3.d4 cxd4 4.Nxd4 Nf6 5.Nc3 d6 6.Bg5 Bd7 7.Qd2 Rc8 8.O-O-O h6
9.Bxf6 gxf6 10.Kb1 Nxd4 11.Qxd4 Qa5 12.f4 Qc5 13.Qd2 f5 14.exf5 Bxf5 15.Bd3 Bxd3
16.Qxd3 Bg7 17.Rhe1 Bxc3 18.Qxc3 Qxc3 19.bxc3 Kd7 20.Rd3 Rc5 21.Rg3 Rhc8
22.Kb2 Rb5+ 23.Kc1 Ra5 24.Kb2 Rc6 25.Rg7 Rb5+ 26.Kc1 Rf5 27.Rf1 Rxc3 28.g4 Rf6
29.h4 e6 30.g5 hxg5 31.hxg5 Rf5 32.g6 Rg3 33.Rxf7+ Rxf7 34.gxf7 Ke7 35.Rd1 d5
36.f5 Kxf7 37.fxe6+ Kxe6 38.Rh1 Ra3 39.Kb2 Ra6 40.Rh7 Rb6+ 41.Kc3 Kd6 42.Rg7 Rb1
43.Rh7 Kc6 44.Rh8 Kb5 45.Rd8 Ka4 46.Rxd5 b5 47.Rd7 a5 48.Ra7 b4+ 49.Kd2 Rh1
50.c3 Rh2+ 51.Kc1 bxc3 52.Rc7 Rh3 53.Kc2 Kb4 54.a3+  1/2-1/2

[Event "Lone Pine"]
[Site "Lone Pine"]
[Date "1975.??.??"]
[Round "5"]
[White "Damjanovic, Mato"]
[Black "Csom, Istvan"]
[Result "0-1"]
[WhiteElo "2455"]
[BlackElo "2530"]

1.e4 c5 2.Nf3 d6 3.d4 Nf6 4.Nc3 cxd4 5.Nxd4 Nc6 6.Bg5 e6 7.Qd2 a6 8.O-O-O h6
9.Bf4 Bd7 10.Nb3 Ne5 11.f3 Be7 12.Kb1 b5 13.a3 Qc7 14.Be2 Nc4 15.Bxc4 bxc4
16.Nc1 e5 17.Be3 Rb8 18.Ka1 Qb7 19.b3 cxb3 20.Nxb3 O-O 21.g4 Rfc8 22.g5 hxg5
23.Bxg5 Be6 24.Rb1 Qc6 25.Kb2 Qc4 26.Rhe1 Nxe4 27.Nxe4 Rxb3+  0-1

[Event "Lone Pine"]
[Site "Lone Pine"]
[Date "1975.??.??"]
[Round "8"]
[White "Karklins, Andrew"]
[Black "Damjanovic, Mato"]
[Result "0-1"]
[WhiteElo "2395"]
[BlackElo "2455"]

1.e4 c5 2.Nf3 d6 3.d4 Nf6 4.Nc3 cxd4 5.Nxd4 Nc6 6.Bg5 e6 7.Qd2 a6 8.O-O-O h6
9.Bf4 Bd7 10.Bg3 Be7 11.Kb1 O-O 12.f3 Nxd4 13.Qxd4 e5 14.Qe3 Rc8 15.Be1 Be6
16.g4 Qc7 17.Bd3 b5 18.h4 b4 19.Ne2 d5 20.g5 dxe4 21.fxe4 Ng4 22.Qf3 h5 23.Ng3 g6
24.b3 Rfd8 25.Nf1 a5 26.Nd2 a4 27.Nc4 Ra8 28.Bg3 Qa7 29.Qe2 Qd4 30.Rhf1 a3
31.c3 bxc3 32.Rfe1 Rab8 33.Kc2 Rdc8 34.Qf1 Rb4 35.Qe2 Rcb8 36.Qf3 Qc5 37.Qe2 Qc7
38.Rb1 Bc5 39.Qf3 Bd4 40.Bf1 Qc5 41.Bd3 R8b7 42.Rf1 Rxc4 43.Bxc4 Bxc4 44.bxc4 Qxc4
45.Rxb7 Ne3+ 46.Kc1 Nxf1 47.Rb8+ Kh7 48.Qf6 Be3+ 49.Kc2 Qxa2+ 50.Kxc3 Qd2+
51.Kb3 Qb2+ 52.Ka4 Qd4+ 53.Rb4 Qa7+ 54.Kb3 Nxg3 55.Ra4 Qb6+ 56.Qxb6 Bxb6
57.Kxa3 Bd4  0-1

[Event "FRG-ch International"]
[Site "Mannheim"]
[Date "1975.??.??"]
[Round "6"]
[White "Browne, Walter S"]
[Black "Kestler, Hans Guenther"]
[Result "1/2-1/2"]
[WhiteElo "2550"]
[BlackElo "2430"]

1.e4 c5 2.Nf3 d6 3.d4 cxd4 4.Nxd4 Nf6 5.Nc3 Nc6 6.Bg5 e6 7.Qd2 a6 8.O-O-O Bd7
9.f4 Be7 10.Nf3 b5 11.Bxf6 gxf6 12.f5 Qb6 13.Ne2 Qa5 14.Qxa5 Nxa5 15.Nf4 Bf8
16.g3 Ke7 17.fxe6 fxe6 18.Nd4 Bh6 19.Kb1 Bxf4 20.gxf4 Nc6 21.Ne2 b4 22.Rd3 Rhg8
23.Bh3 Na5 24.Nd4  1/2-1/2

[Event "FRG-ch International"]
[Site "Mannheim"]
[Date "1975.??.??"]
[Round "15"]
[White "Mednis, Edmar John"]
[Black "Dueball, Juergen"]
[Result "1/2-1/2"]
[WhiteElo "2455"]
[BlackElo "2455"]

1.e4 c5 2.Nf3 Nc6 3.d4 cxd4 4.Nxd4 Nf6 5.Nc3 d6 6.Bg5 Bd7 7.Be2 Qa5 8.Bxf6 gxf6
9.O-O Qg5 10.Kh1 Rg8 11.g3 Nxd4 12.Qxd4 e6  1/2-1/2

[Event "Pula zt"]
[Site "Pula"]
[Date "1975.??.??"]
[Round "?"]
[White "Pritchett, Craig William"]
[Black "Csom, Istvan"]
[Result "1-0"]
[WhiteElo "2390"]
[BlackElo "2530"]

1.e4 c5 2.Nf3 d6 3.d4 Nf6 4.Nc3 cxd4 5.Nxd4 Nc6 6.Bg5 e6 7.Qd2 a6 8.O-O-O h6
9.Be3 Bd7 10.f3 Qc7 11.Kb1 Be7 12.g4 Ne5 13.Bd3 b5 14.h4 Rb8 15.g5 hxg5 16.hxg5 Nh5
17.Qg2 g6 18.f4 Nc4 19.Bc1 b4 20.Nce2 Rg8 21.Qf3 Rb6 22.Rdg1 Kd8 23.Rxh5 gxh5
24.Qxh5 Rf8 25.f5 e5 26.Nb3 Kc8 27.f6 Bd8 28.Qh6 Re8 29.g6 fxg6 30.f7 Rc6
31.fxe8=Q Bxe8 32.Qf8 Qd7 33.Rh1 Be7 34.Qg8  1-0

[Event "URS-chT"]
[Site "Riga"]
[Date "1975.??.??"]
[Round "?"]
[White "Grushevsky, Alexander V"]
[Black "Klovsky, Rafail"]
[Result "1/2-1/2"]
[WhiteElo "2200"]
[BlackElo "2200"]

1.e4 c5 2.Nf3 Nc6 3.d4 cxd4 4.Nxd4 Nf6 5.Nc3 d6 6.Bg5 e6 7.Qd2 a6 8.O-O-O Bd7
9.f4 Be7 10.Nf3 b5 11.Bxf6 gxf6 12.Kb1 Qb6 13.Bd3 b4 14.Ne2 a5 15.f5 Qc5
16.Rc1 a4 17.c3 b3 18.a3 e5 19.Qh6 Na5 20.c4 Bc6 21.Ng3 O-O-O 22.Rhe1 Qb6
23.Ka1 Nb7 24.Nh5 Nc5 25.Bb1 Qb7 26.Nd2 Rhg8 27.Re2 Bf8 28.Qe3 Be7 29.Qh6 Bf8
30.Qe3 Be7 31.Qh6  1/2-1/2

[Event "URS-chT"]
[Site "Riga"]
[Date "1975.??.??"]
[Round "?"]
[White "Kristol, Luba"]
[Black "Alexandria, Nana"]
[Result "0-1"]
[WhiteElo "2000"]
[BlackElo "2335"]

1.e4 c5 2.Nf3 Nc6 3.d4 cxd4 4.Nxd4 Nf6 5.Nc3 d6 6.Bg5 e6 7.Qd2 a6 8.O-O-O Bd7
9.f4 Be7 10.Nf3 b5 11.Bxf6 gxf6 12.f5 b4 13.Ne2 e5 14.g4 h5 15.gxh5 Qb6 16.Ng3 Na5
17.Kb1 Rc8 18.Bd3 Bf8 19.Qe2 Bh6 20.Rhe1 Bb5 21.Nf1 Ke7 22.Ne3 Bxe3 23.Qxe3 Qxe3
24.Rxe3 Nc4 25.Bxc4 Bxc4 26.h4 Rxh5 27.b3 Bb5 28.Kb2 Rg8 29.Rd2 Rg3 30.c4 bxc3+
31.Rxc3 Bf1 32.Nh2 Rxc3 33.Kxc3 Bh3 34.Kc4 Rh8 35.b4 Rc8+ 36.Kd5 Rb8 37.a3 Kd7
38.Rd3 Bg2 39.Re3 Rb5+ 40.Kc4 Bxe4 41.a4 d5+  0-1

[Event "URS-chT"]
[Site "Riga"]
[Date "1975.??.??"]
[Round "?"]
[White "Balashov, Yuri S"]
[Black "Krogius, Nikolai V"]
[Result "0-1"]
[WhiteElo "2540"]
[BlackElo "2570"]

1.e4 c5 2.Nf3 Nc6 3.d4 cxd4 4.Nxd4 Nf6 5.Nc3 d6 6.Bg5 e6 7.Qd2 Be7 8.O-O-O O-O
9.Nb3 h6 10.Bf4 e5 11.Be3 a5 12.f3 a4 13.Na1 a3 14.b3 Be6 15.Nd5 Bxd5 16.exd5 Nd4
17.c4 Nf5 18.Nc2 Nd7 19.Bd3 Nxe3 20.Nxe3 Nc5 21.Bc2 Bg5 22.h4 Bxh4 23.g3 Bg5
24.Rdf1 Qf6 25.Kd1 Bxe3 26.Qxe3 e4 27.fxe4 Qb2 28.e5 Rae8 29.e6 fxe6 30.Rxf8+ Rxf8
31.b4 Qxb4 32.dxe6 Qxc4 33.e7 Qd5+ 34.Ke2 Qg2+  0-1

[Event "URS-chT"]
[Site "Riga"]
[Date "1975.??.??"]
[Round "?"]
[White "Tukmakov, Vladimir B"]
[Black "Krogius, Nikolai V"]
[Result "1/2-1/2"]
[WhiteElo "2570"]
[BlackElo "2570"]

1.e4 c5 2.Nf3 d6 3.d4 cxd4 4.Nxd4 Nf6 5.Nc3 Nc6 6.Bg5 e6 7.Qd2 Be7 8.O-O-O O-O
9.f4 h6 10.Bh4 e5 11.Nf5 Bxf5 12.exf5 Qa5 13.Kb1 Rad8 14.Bxf6 Bxf6 15.Nd5 Qxd2
16.Rxd2 exf4 17.Nxf6+ gxf6 18.Be2 Rfe8 19.Rf1 Re4 20.Bd3 Re3 21.b3 Ne5 22.Rxf4  1/2-1/2

[Event "Szolnok+"]
[Site "Szolnok"]
[Date "1975.??.??"]
[Round "4"]
[White "Dely, Peter"]
[Black "Robatsch, Karl"]
[Result "1/2-1/2"]
[WhiteElo "2445"]
[BlackElo "2455"]

1.e4 c5 2.Nf3 Nc6 3.d4 cxd4 4.Nxd4 Nf6 5.Nc3 d6 6.Bg5 Bd7 7.Qd2 Rc8 8.f4 h6
9.Bh4 g5 10.fxg5 hxg5 11.Bxg5 Bg7 12.Be2 Qb6 13.Nb3 Rxh2 14.O-O-O Rxh1 15.Rxh1 Be6
16.Be3 Qd8 17.Bf2 Nb4 18.Qg5 Kf8  1/2-1/2

[Event "Hoogovens-B"]
[Site "Wijk aan Zee"]
[Date "1975.??.??"]
[Round "5"]
[White "Enklaar, Bertus F"]
[Black "Weinstein, Norman"]
[Result "1/2-1/2"]
[WhiteElo "2410"]
[BlackElo "2465"]

1.e4 c5 2.Nf3 d6 3.d4 cxd4 4.Nxd4 Nf6 5.Nc3 Nc6 6.Bg5 Bd7 7.Qd2 a6 8.O-O-O e6
9.f4 b5 10.Bxf6 gxf6 11.Nxc6 Bxc6 12.Qe3 Qe7 13.Bd3 Qa7 14.Qh3 Qc5 15.Kb1 h5
16.Rhe1 O-O-O 17.f5 Qe5 18.Ne2 Kb8 19.Nc1 Bh6 20.Nb3 Bf4 21.g3 Bg5 22.Qf1 Rc8
23.Qf2 Bb7 24.h4 Bh6 25.Bf1 Rhg8 26.fxe6 fxe6 27.Bh3 Qxg3 28.Qxg3 Rxg3 29.Bxe6 Re8
30.Nd4 Re3 31.Rf1 Rxe4 32.Bd7 R8e7 33.Nc6+ Bxc6 34.Bxc6 Rf4 35.Rxf4 Bxf4
36.Bf3 Kc7 37.a4 Re5 38.axb5 axb5 39.Rd5 Bg3 40.c4 bxc4 41.Rd4 Rc5 42.Kc2 Kd7
43.Be2 Ke6 44.b4 cxb3+ 45.Kxb3 Re5 46.Bd1 Bf2 47.Ra4 Kf7 48.Kc3 Kg6 49.Kd2 f5
50.Bf3 Re3 51.Bc6 Rh3 52.Be8+ Kh6 53.Bd7 Kg6 54.Be8+ Kh6 55.Bd7 Bxh4 56.Bxf5 Rh2+
57.Ke3 Bg3 58.Be6 Kg5 59.Kf3 h4 60.Ra2 Rh1 61.Re2 Rf1+ 62.Ke4 Kf6 63.Bh3 Rh1
64.Bg2 Ra1 65.Rd2 Ra4+ 66.Kf3 Be5 67.Rd3 Ra2 68.Bh3 Bg3 69.Rd5 Rf2+ 70.Ke4 Rh2
71.Bg4 Be5 72.Rd3 Rg2 73.Bh3 Rb2 74.Rf3+ Ke7 75.Ra3 Rb4+ 76.Ke3 Bd4+ 77.Ke2 Bc5
78.Rd3 Rf4 79.Rf3 Re4+ 80.Kd2 Ra4 81.Ke2 Bd4 82.Rf4 Ra2+ 83.Kf3 Ra3+ 84.Kg4 Bf6
85.Rf3 Ra2 86.Re3+ Kd7 87.Rf3 Ke7 88.Rb3 Ra4+ 89.Kf3 Bg5 90.Rd3 Bf4 91.Bf5 Kf6
92.Bd7 Ra7 93.Bc6 Bg3 94.Kg4 Rg7+ 95.Kh3 Ke7 96.Re3+ Kd8 97.Rb3 Kc8 98.Bd5 Be1
99.Rb1 Rg3+ 100.Kxh4 Rd3+ 101.Rxe1 Rxd5 102.Kg4 Kc7 103.Kf4 Kc6 104.Rc1+ Rc5
105.Re1 Rc3 106.Ke4 Kc5 107.Rd1 Rc4+ 108.Ke3 d5 109.Rh1  1/2-1/2